آثار الزعيم سعد زغلول : (Record no. 25081)

MARC details
000 -الفاتح
حقل البيانات ثابتة الطول 01350nam a2200337 i 4500
003 - محدد رقم الضبط
رقم الضبط EG-ScBUE
005 - وقت وتاريخ اخر تعامل مع التسجيلة
رقم الضبط 20240129140747.0
008 - عناصر البيانات ثابتة الطول - معلومات عامة
حقل البيانات ثابتة الطول 170727s1991 ua a f 001 0dara d
040 ## - مصدر الفهرسة
وكالة الفهرسة الأصلية EG-ScBUE
لغة الفهرسة ara
قواعد الوصف rda
وكالة النسخ EG-ScBUE
وكالة التعديل EG-ScBUE
043 ## - رمز المنطقة الجغرافية
رمز المنطقة الجغرافية f-ua---
082 04 - رقم تصنيف ديوى العشرى
رقم التصنيف 962.04
رقم المادة آ ث ا
رقم الطبعة 22
245 00 - بيان العنوان
العنوان آثار الزعيم سعد زغلول :
بقية العنوان عهد وزارة الشعب.
رقم الجزء/قسم العمل الجزء الأول،
اسم جزء/قسم العمل نوفمبر سنة 1927 /
بيان المسئوليه,etc جمعها ورتبها محمد إبراهيم الحريري.
246 30 - العنوان الموازى
عنوان صحيح/عنوان مختصر نوفمبر سنة 1927
250 ## - بيان الطبعة
بيان الطبعة الطبعة الأولى.
264 #1 - النشر، التوزيع
مكان الناشر او الموزع القاهرة :
اسم الناشر او الموزع مكتبة مدبولي،
تاريخ النشر أو التوزيع 1991.
300 ## - الوصف المادى
التعداد 424 صفحة :
تفاصيل ماديه اخرى للوعاء إيضاحيات ؛
أبعاد الوعاء 24 سم.
336 ## - نوع المحتوى
source rdacontent
Carrier Type Term نص
Content Type Code txt
337 ## - نوع الوسيط
Media Type Term بدون وسيط
source rdamedia
Media Type Code n
338 ## - نوع الحامل أو الناقل
Carrier Type Term مجلد
Carrier Type Code nc
source rdacarrier
490 0# - بيان السلسلة
عنوان السلسلة صفحات من تاريخ مصر ؛
رقم المجلد/ التعيين التسلسلي 16
500 ## - تبصرة عامة
تبصرة عامة يشتمل على كشافات.
590 ## - تبصرة محلية(RLIN)
تبصرة محلية سارة
600 07 - المدخل الاضافى بالموضوع-اسم شخصى
الإسم الشخصى سعد زغلول،
العنوان والكلمات الأخرى المصاحبة للاسم باشا،
التواريخ المصاحبة للاسم 1927-1857
التقسيم الفرعي العام نشاط سياسي.
مصدر الرأس أو المصطلح BUEsh
650 ## - المدخل الاضافى بالموضوع-مصطلح موضوعى
مصدر الرأس أو المصطلح BUEsh
651 #7 - المدخل الاضافى بالموضوع - اسم جغرافى
الاسم الجغرافي مصر
التقسيم الفرعي العام تاريخ
التقسيم الفرعي الزمني ثورة، 1919.
مصدر الرأس أو المصطلح BUEsh
9 (RLIN) 31173
651 #7 - المدخل الاضافى بالموضوع - اسم جغرافى
الاسم الجغرافي مصر
التقسيم الفرعي العام سياسة وحكومة
التقسيم الفرعي الزمني 1918-1939.
مصدر الرأس أو المصطلح BUEsh
653 ## - مصطلح تكشيفى غير مقيد
Resource For college Generalities
-- BAEPS, Political Science
Arrived date list July2017
655 ## - مصطلح تكشيفى-نوع/شكل
التقسيم الفرعي الشكلي Reading book
700 1# - المدخل الاضافى - اسم شخصى
الإسم الشخصى حريري، محمد إبراهيم،
الدور مجمع.
942 ## - عناصر المدخل الإضافي( كوها)
مصدر التصنيف او مخطط الترفيف Dewey Decimal Classification
Holdings
حالة التراجع حالة الفقد مصدر التصنيف او خطة الترفيف حالة تلف ليس للاعارة مجموعات كوها المكان الدائم المكان الحالي موقع الترفيف تاريخ الاكتساب Source of acquisition تعداد مسلسل / التسلسل الزمني رقم الاستدعاء الباركود Date last seen نوع الوعاء
    Dewey Decimal Classification     Madboly Central Library Central Library Second Floor 27/07/2017 Purchase 04183 962.04 آ ث ا 000034851 15/07/2025 Book - Borrowing